| 000 | 00362nam a2200157Ia 4500 | ||
|---|---|---|---|
| 008 | 210210b1960 xxu||||| |||| 00| 0 eng d | ||
| 041 | _aeng | ||
| 082 | _a425/309 | ||
| 100 | _aVALLINS (G H) | ||
| 245 | _aBest English | ||
| 260 |
_aLondon _bAndre Deutsch Ltd., _c1960 |
||
| 650 | _aEnglish | ||
| 650 | _aBest | ||
| 690 | _aEnglish Grammar | ||
| 906 | _a006085 | ||
| 999 |
_c129119 _d129119 |
||